Audit vo firme

Praktický postup pri audite vo firme. Ponuka na audit. Audítorská zmluva. Priebeh auditu. Hlavné časti auditu. Správa o audite. List odporúčaní.

Gespeichert in:
Bibliographische Detailangaben
1. Verfasser: Burák, Emil
Format: Buchkapitel
Sprache:Slowakisch
Schlagworte:
Tags: Tag hinzufügen
Keine Tags, Fügen Sie das erste Tag hinzu!

MARC

LEADER 00000naa a2200000 4500
001 r048648
005 20231004100847.8
041 0 |a slo 
044 |a CZ 
245 1 0 |a Audit vo firme  |c Emil Burák 
520 |a Praktický postup pri audite vo firme. Ponuka na audit. Audítorská zmluva. Priebeh auditu. Hlavné časti auditu. Správa o audite. List odporúčaní. 
610 2 0 |a audit 
610 2 0 |a firmy 
610 2 0 |a účtovníctvo 
610 2 0 |a postupy účtovné 
610 2 0 |a audítori 
610 2 0 |a audítorstvo 
610 2 0 |a zmluvy 
100 1 |a Burák, Emil